Mythologically Named Celebrities Quiz Stats

 Plays Quiz Updated May 15, 2016

Challenge
Share
Tweet
Score 0/14 Timer 04:00
8 Plays Today
% Correct
Paris (Hilton)
90%
Venus (Williams)
89.7%
Penelope (Cruz)
88.8%
Helen (Mirren)
86.2%
Grace (Kelly)
74.4%
Jason (Kidd)
74%
Troy (Aikman)
65.7%
% Correct
Camilla (Parker Bowles; Duchess of Cornwall)
60.8%
Ulysses (S. Grant)
60%
Rhea (Perlman)
57.5%
Damon (Wayans)
47.6%
Hector (Elizondo)
44%
Phoebe (Cates)
37.2%
Daphne (du Maurier)
26.1%

You're not logged in!

Compare scores with friends on all Sporcle quizzes.
OR
Log In

You Might Also Like...

Show Comments

Extras

Top Quizzes Today


Score Distribution

Your Account Isn't Verified!

In order to create a playlist on Sporcle, you need to verify the email address you used during registration. Go to your Sporcle Settings to finish the process.

Report this User

Report this user for behavior that violates our Community Guidelines.

Details: